000 00198 a2200097 4500
001 30271
100 _aGraves, R
245 _aCatacrok
260 _aLondon
_bCassell & Co
_c
090 _c20214
_d20214
942 _aNUST-CAE
_cM
_c11353
999 _c265344
_d265344